| 000 | 00000nas 2200000zi 4500 |
| 001 | 9.872134 |
| 003 | CaOODSP |
| 005 | 20221107163554 |
| 006 | m go d f |
| 007 | cr ||||||||||| |
| 008 | 190426d20042006oncar p o f0 a0fre|d |
| 040 | |aCaOODSP|bfre|erda|cCaOODSP |
| 043 | |an-cn--- |
| 086 | 1 |aCC402-2/1F-PDF |
| 110 | 2 |aAdministration canadienne de la sûreté du transport aérien. |
| 245 | 10|aRapport annuel sur la Loi sur l'accès à l'information. |
| 264 | 1|a[Ottawa : |bAdministration canadienne de la sûreté du transport aérien, |c2004-2006]. |
| 310 | |aAnnuel |
| 336 | |aTexte|btxt|2rdacontent/fre |
| 337 | |aInformatique|bc|2rdamedia/fre |
| 338 | |aressource en ligne|bcr|2rdacarrier/fre |
| 362 | 1 |aParaît depuis 2003/2004 ; ne paraît plus après 2005/2006. |
| 500 | |aPublié aussi en anglais sous le titre : Annual report on the Access to Information Act. |
| 580 | |aFusionné avec : Rapport annuel sur l’application de la Loi sur la protection des renseignements personnels et devient : Rapports annuels sur l'application de la Loi sur l'accès à l'information et de la Loi sur la protection des renseignements personnels. |
| 692 | 07|2gccst|aAccès à l'information |
| 775 | 08|tAnnual report on the Access to Information Act. |w(CaOODSP)9.872132 |
| 785 | 00|tRapports annuels sur l'application de la Loi sur l'accès à l'information et de la Loi sur la protection des renseignements personnels |w(CaOODSP)9.804331 |